000 01368nam a2200289 a 4500
001 BRCA_4639
005 20190320204739.0
008 280910s1953----u--a######---#000-0#eng-#
041 _aeng
044 _au
050 4 _aNK2862
_b.K84 1953
100 1 _aKühnel, Erns
_911739
245 1 0 _aCatalogue of Spanish Rugs
_b12th century to 19th century
_cErns Kühnel ; tecnical analysis by Louisa Bellinger.
260 _aWashington, D.C.
_bPublishing
_c1953
300 _avii, 64 p.
_bil. (algunas a color), 44 láminas
_c30 cm.
500 _aIncluye apéndice, índice temático, alfabético y numérico
500 _aIncluye dos láminas sueltas sobre técnicas de tapetes españoles
500 _aMapa en la contrapotada del forro
500 _aD49
504 _aBibliografía: p. 59
505 0 _aEdición compuesta por dos cuadernillos: 1. Texto. -- 2. Láminas (44 ilustraciones y 1 hoja plegable). Así como 4 anexos: 1. June, 1952 Rugs: preservation, display and storage (6 hojas) ; 2. May, 1953 Rugs Analysis: discussion of method (4 hojas y 1 plegable) ; 3. April, 1956 A preliminary study of shaped textile from peru (5 hojas) ; 4. June, 1958 Anew type of peruvian ikat (8 hojas)
650 1 4 _aTapetes
_vCatálogos
_zEspaña
_911740
700 1 _aBellinger, Louisa
_911741
710 2 _aThe Textile Museum
_911742
902 _aGFM
942 _2lcc
_cB
999 _c4342
_d4342